History Quiz

Random History or Clickable Quiz
Score 0/24 Timer 20:00
0 Plays Today
% Correct
Primary Source
84.1%
Constantinople
82.9%
Turkey
79.2%
Taj Mahal
77.8%
Bias
77.5%
Credible
77.3%
India
75.4%
Historical Perspective
74%
Iran
73.8%
Secondary Source
73.1%
Janissaries
71.4%
Sunnis
71.4%
% Correct
Persian carpets
70%
Mughal Empire
69.1%
Suleimein
68.9%
Rajputs
65.3%
Devshirme
62.1%
Shi'ite Muslim
61.8%
Millets
60.7%
Ottomans
58.8%
a christian
56.7%
Aurangzeb
55.3%
Akbar
53.6%
Shah Abbas
41.2%
Remove Ads.
Support Sporcle.
Get the best of Sporcle when you Go Orange. This ad-free experience offers more features, more stats, and more fun while also helping to support Sporcle. Thank you for becoming a member.

You're not logged in!

Compare scores with friends on all Sporcle quizzes.
OR
Log In

Show Comments

Extras

Top Quizzes Today


Score Distribution

Your Account Isn't Verified!

In order to create a playlist on Sporcle, you need to verify the email address you used during registration. Go to your Sporcle Settings to finish the process.

Report this User

Report this user for behavior that violates our Community Guidelines.

Details: